000 00291nam a2200121Ia 4500
008 190216s9999||||xx |||||||||||||| ||und||
100 _aRamamurthy K S
245 0 _aSeven One-Act Plays
260 _bOxford University Press
_c1984
300 _a128p
650 _aEnglish Drama
942 _cBK
999 _c13500
_d13500